| 000 | 00512nam a22001937a 4500 | ||
|---|---|---|---|
| 003 | OSt | ||
| 005 | 20140310182848.0 | ||
| 008 | 130617t xxu||||| |||| 00| 0 eng d | ||
| 050 |
_aRC 263 _b.L666 1974 |
||
| 082 |
_aM 362.19 _bL57 1974 |
||
| 245 |
_aEllen : _ba short life long remembered / _cLevit, Rose |
||
| 260 |
_aN. Y : _bBantam Book, _cc1974. |
||
| 300 |
_aix, 163 p. : _c18 cm. |
||
| 521 | _acollege students | ||
| 526 | _c1210L-1700L | ||
| 541 | _j1 | ||
| 562 | _e1 | ||
| 942 |
_2lcc _cBK _kM |
||
| 999 |
_c16960 _d16960 |
||